Flag Link #1 - Statistics

General Stats
  • This quiz has been taken 29 times
  • The average score is 11 of 15
Answer Stats
Picture Hint Answer % Correct
Sweden
100%
Canada
97%
Greece
97%
Japan
97%
Kazakhstan
86%
Fiji
83%
Kosovo
83%
Malta
79%
Morocco
79%
Panama
76%
Seychelles
72%
Bahamas
66%
Madagascar
62%
Comoros
59%
What's the link ? Repeated Vowel
3%
No matching quizzes found
Score Distribution
Percent of People with Each Score
Percentile by Number Answered
Your Score History
You have not taken this quiz